[Event "Muensterland Verbandsliga 1415"]
[Site "Germany"]
[Date "2014.09.27"]
[Round "2.6"]
[White "Schmitt, Konrad"]
[Black "Woltering, Martin"]
[Result "0-1"]
[WhiteElo "1737"]
[BlackElo "1680"]
[PlyCount "64"]
[EventDate "2014.09.06"]
[EventType "team-tourn"]
[EventRounds "9"]
[EventCountry "GER"]
[SourceTitle "EXT 2016"]
[Source "ChessBase"]
[SourceDate "2015.10.08"]
[SourceVersion "1"]
[SourceVersionDate "2015.10.08"]
[SourceQuality "1"]
[WhiteTeam "Muenster IV"]
[BlackTeam "Ahaus Wessum"]
[WhiteTeamCountry "GER"]
[BlackTeamCountry "GER"]

1. c4 f5 2. Nc3 Nf6 3. g3 g6 4. Bg2 d6 5. d4 Bg7 6. e4 c6 7. Bg5 fxe4 8. Bxf6 Bxf6 9. Nge2 Bf5 10. 0-0 0-0 11. Nxe4 Nd7 12. Qd2 Bxe4 13. Bxe4 Qb6 14. Rab1 Rad8 15. b4 a6 16. Qe3 e6 17. c5 Qc7 18. h4 d5 19. Bg2 e5 20. Bh3 Rde8 21. Bxd7 Qxd7 22. dxe5 Rxe5 23. Qd3 Qg4 24. f3 Qh3 25. Rf2 Rfe8 26. Rh2 Qe6 27. Kf1 Re3 28. Qd2 Rxf3+ 29. Rf2 Qh3+ 30. Kg1 Rxe2 31. Qxe2 Rxg3+ 32. Rg2 Bd4+ 0-1

[Event "Muensterland Verbandsklasse-A 0910"]
[Site "Germany"]
[Date "2010.04.24"]
[Round "9.5"]
[White "Boesel, Alexander"]
[Black "Schmitt, Konrad"]
[Result "1-0"]
[WhiteElo "1858"]
[BlackElo "1804"]
[PlyCount "131"]
[EventDate "2009.09.19"]
[EventType "team-tourn"]
[EventRounds "9"]
[EventCountry "GER"]
[SourceTitle "EXT 2011"]
[Source "ChessBase"]
[SourceDate "2010.11.26"]
[SourceVersion "1"]
[SourceVersionDate "2010.11.26"]
[SourceQuality "1"]
[WhiteTeam "Olfen"]
[BlackTeam "Muenster SK IV"]
[WhiteTeamCountry "GER"]
[BlackTeamCountry "GER"]

1. d4 Nf6 2. Nf3 e6 3. c4 d5 4. g3 c5 5. cxd5 exd5 6. Bg2 Nc6 7. 0-0 Be7 8. Nc3 0-0 9. dxc5 d4 10. Na4 Qa5 11. Nxd4 Nxd4 12. Qxd4 Rd8 13. Qc4 Be6 14. Qc2 Bd7 15. c6 Bxc6 16. Bxc6 Rac8 17. Nc3 Rxc6 18. Rd1 Rdc8 19. a3 Qh5 20. h4 h6 21. Qa4 Bc5 22. Kg2 Bb6 23. Qb5 Rc5 24. Qd3 Rd8 25. Qf3 Qxf3+ 26. Kxf3 Rf5+ 27. Bf4 Rxd1 28. Rxd1 Rc5 29. e4 Rc4 30. Be3 Bxe3 31. Rd8+ Kh7 32. Kxe3 Rc6 33. f3 g5 34. hxg5 hxg5 35. g4 Kg7 36. e5 Re6 37. Kd4 Ne8 38. Rd7 Rb6 39. b4 Kf8 40. Ne4 f6 41. exf6 Nxf6 42. Nxf6 Rxf6 43. Ke4 Ra6 44. Kf5 Rxa3 45. Kxg5 Rxf3 46. Rxb7 Rb3 47. b5 Rb4 48. Kf5 Rb1 49. g5 Rf1+ 50. Kg6 Rb1 51. Rf7+ Ke8 52. Rf5 Ke7 53. Rf7+ Ke8 54. Rb7 Kf8 55. Rb8+ Ke7 56. Kg7 a5 57. g6 a4 58. b6 a3 59. b7 a2 60. Ra8 Rxb7 61. Rxa2 Ke8+ 62. Kg8 Rb3 63. Re2+ Kd7 64. Rh2 Ke7 65. g7 Kf6 66. Kh8 1-0

[Event "Muensterland Verbandsklasse-A 0910"]
[Site "Germany"]
[Date "2009.09.19"]
[Round "1.6"]
[White "Schmitt, Konrad"]
[Black "Metschan, Helmuth"]
[Result "0-1"]
[WhiteElo "1804"]
[BlackElo "1766"]
[PlyCount "72"]
[EventDate "2009.09.19"]
[EventType "team-tourn"]
[EventRounds "9"]
[EventCountry "GER"]
[SourceTitle "EXT 2011"]
[Source "ChessBase"]
[SourceDate "2010.11.26"]
[SourceVersion "1"]
[SourceVersionDate "2010.11.26"]
[SourceQuality "1"]
[WhiteTeam "Muenster SK IV"]
[BlackTeam "Ahaus Wessum II"]
[WhiteTeamCountry "GER"]
[BlackTeamCountry "GER"]

1. Nf3 Nf6 2. g3 g6 3. d4 d5 4. Bg2 Bg7 5. c4 c6 6. cxd5 cxd5 7. 0-0 0-0 8. Nc3 Nc6 9. Re1 a6 10. Bf4 Bf5 11. a3 Rc8 12. Ne5 Nxe5 13. Bxe5 Ne4 14. Bxg7 Nxc3 15. bxc3 Kxg7 16. Qb3 Qc7 17. Qxd5 Qxc3 18. Qe5+ Kg8 19. Bxb7 Rc7 20. Bg2 Rd8 21. e3 f6 22. Qf4 Qa5 23. h4 Rc3 24. Rec1 Rxc1+ 25. Rxc1 Qxa3 26. Rc7 Rd7 27. Rc8+ Kg7 28. Qb8 Qa2 29. d5 Qb1+ 30. Kh2 Qxb8 31. Rxb8 Bd3 32. Ra8 f5 33. f3 Rxd5 34. Ra7 Re5 35. e4 fxe4 36. f4 Re6 0-1

[Event "Muensterland Verbandsklasse-A 0708"]
[Site "Germany"]
[Date "2008.04.12"]
[Round "8.7"]
[White "Schmitt, Konrad"]
[Black "Binger, Friedhelm"]
[Result "1/2-1/2"]
[WhiteElo "1731"]
[BlackElo "1813"]
[PlyCount "43"]
[EventDate "2007.09.22"]
[EventType "team"]
[EventRounds "9"]
[EventCountry "GER"]
[SourceTitle "EXT 2009"]
[Source "ChessBase"]
[SourceDate "2008.11.26"]
[SourceVersion "1"]
[SourceVersionDate "2008.11.26"]
[SourceQuality "1"]
[WhiteTeam "Muenster SK IV"]
[BlackTeam "Gronau"]
[WhiteTeamCountry "GER"]
[BlackTeamCountry "GER"]

1. c4 Nf6 2. d4 e6 3. Nc3 d5 4. Bg5 c6 5. e3 Nbd7 6. Nf3 Qa5 7. Bxf6 Nxf6 8. a3 Ne4 9. Rc1 Nxc3 10. Rxc3 Bxa3 11. Nd2 Bxb2 12. Rb3 Bc3 13. Bd3 0-0 14. Bxh7+ Kxh7 15. Qc2+ Kg8 16. Rxc3 dxc4 17. Rxc4 Qa1+ 18. Nb1 Qa5+ 19. Nd2 Qa1+ 20. Nb1 Qa5+ 21. Nd2 Qa1+ 22. Nb1 1/2-1/2

[Event "Muensterland Verbandsklasse-A 0708"]
[Site "Germany"]
[Date "2007.09.15"]
[Round "1.5"]
[White "Schmitt, Konrad"]
[Black "Steinhagen, Dietrich"]
[Result "1/2-1/2"]
[WhiteElo "1731"]
[BlackElo "1871"]
[PlyCount "108"]
[EventDate "2007.09.22"]
[EventType "team"]
[EventRounds "9"]
[EventCountry "GER"]
[SourceTitle "EXT 2009"]
[Source "ChessBase"]
[SourceDate "2008.11.26"]
[SourceVersion "1"]
[SourceVersionDate "2008.11.26"]
[SourceQuality "1"]
[WhiteTeam "Muenster SK IV"]
[BlackTeam "Muenster SK III"]
[WhiteTeamCountry "GER"]
[BlackTeamCountry "GER"]

1. c4 c6 2. Nc3 d5 3. d4 Nf6 4. Nf3 e6 5. Bg5 Nbd7 6. e3 Qa5 7. Bxf6 Nxf6 8. c5 Ne4 9. Qa4 Qxa4 10. Nxa4 b5 11. Nc3 Nxc3 12. bxc3 Bb7 13. a4 a6 14. Bd3 f6 15. Ke2 Be7 16. axb5 cxb5 17. Nd2 0-0 18. Nb3 Rfc8 19. Na5 Rc7 20. Nxb7 Rxb7 21. Rhb1 Bd8 22. Rxb5 Rxb5 23. Bxb5 a5 24. Kd3 Kf7 25. e4 Rb8 26. c4 dxe4+ 27. Kxe4 Rc8 28. f4 g6 29. Rb1 Rc7 30. c6 Re7 31. c5 Bc7 32. Bc4 f5+ 33. Kf3 Kf6 34. Re1 h6 35. h4 Bd8 36. g3 Bc7 37. d5 exd5 38. Rxe7 Kxe7 39. Bxd5 Kf6 40. Ke3 g5 41. hxg5+ hxg5 42. fxg5+ Kxg5 43. Kf3 Kf6 44. Bg8 Ke5 45. Ke3 Kf6 46. Kf3 Kg5 47. Bb3 Kf6 48. Bc4 a4 49. Ba2 a3 50. Bc4 Ke7 51. Bb3 Kf6 52. Bc4 Ke5 53. Ke3 Kf6 54. Kf3 Ke5 1/2-1/2

[Event "Muensterland Verbandsklasse-B 0304"]
[Site "Germany"]
[Date "2003.11.15"]
[Round "3.7"]
[White "Schmitt, Konrad"]
[Black "Dehler, Markus"]
[Result "1/2-1/2"]
[WhiteElo "1807"]
[BlackElo "1661"]
[PlyCount "140"]
[EventDate "2003.09.20"]
[EventType "team"]
[EventRounds "9"]
[EventCountry "GER"]
[SourceTitle "EXT 2005"]
[Source "ChessBase"]
[SourceDate "2004.11.15"]
[SourceVersion "1"]
[SourceVersionDate "2004.11.15"]
[SourceQuality "1"]
[WhiteTeam "Muenster IV"]
[BlackTeam "Steinfurt"]
[WhiteTeamCountry "GER"]
[BlackTeamCountry "GER"]

1. e4 c5 2. Nf3 d6 3. c4 Nf6 4. Nc3 Nc6 5. d3 g6 6. Be2 Bg7 7. 0-0 a6 8. Ne1 0-0 9. Nc2 e6 10. f4 Ne8 11. Be3 b5 12. Qd2 b4 13. Nd1 Qe7 14. d4 cxd4 15. Nxd4 Nxd4 16. Bxd4 Bxd4+ 17. Qxd4 Qa7 18. Qxa7 Rxa7 19. Ne3 Rd7 20. Rfd1 Nf6 21. Bf3 Bb7 22. Rd4 Rfd8 23. Rad1 Kf8 24. Ng4 Nxg4 25. Bxg4 f5 26. Bf3 fxe4 27. Bxe4 Bxe4 28. Rxe4 Kf7 29. Rde1 Re8 30. Kf2 d5 31. cxd5 Rxd5 32. Rxb4 Red8 33. Rb6 R5d6 34. Rb4 R8d7 35. Re2 Kf6 36. b3 Rc6 37. Rbe4 Rdc7 38. g4 Kf7 39. g5 Rc8 40. Kg3 R8c7 41. a3 Rc3+ 42. R4e3 R7c6 43. Kf3 R3c5 44. Rd2 Ke7 45. Red3 Rc7 46. Ke4 Rc2 47. Rxc2 Rxc2 48. h3 Re2+ 49. Kd4 Rf2 50. Ke3 Rh2 51. Ke4 Re2+ 52. Re3 Rd2 53. Rc3 Kf7 54. Rc7+ Kg8 55. Ke5 Rf2 56. Kxe6 Rxf4 57. Rc4 Rf3 58. Rb4 Re3+ 59. Kd5 Rd3+ 60. Kc6 Rxh3 61. Kb6 h5 62. gxh6 Rxh6 63. Kxa6 g5+ 64. Kb5 Rh4 65. Kc5 Kf7 66. Kd5 Rxb4 67. axb4 g4 68. Ke4 Ke6 69. Kf4 Kd6 70. Kxg4 Kc6 1/2-1/2